KOHA-Header-6

Thoughts of the Desert (Record no. 13257)

000 -LEADER
fixed length control field 00242nam a22001097a 4500
082 ## - DEWEY DECIMAL CLASSIFICATION NUMBER
Classification number 300
100 ## - MAIN ENTRY--AUTHOR NAME
Personal name Altaf Ahmad Shah
245 ## - TITLE STATEMENT
Title Thoughts of the Desert
260 ## - PUBLICATION, DISTRIBUTION, ETC. (IMPRINT)
Place of publication Pakistan
Name of publisher Al-Qalam Printers
Year of publication 2018
300 ## - PHYSICAL DESCRIPTION
Number of Pages 115 Pages
942 ## - ADDED ENTRY ELEMENTS (KOHA)
Koha item type Books
Holdings
Withdrawn status Lost status Collection code Permanent Location Current Location Shelving location Date acquired Full call number Accession Number Koha item type
    English Literature MAJU MAJU Shelf No.A15 2022-03-01 300 10260 English Literature

Powered by Koha